| 000 | 00845nam a2200229 a 4500 | ||
|---|---|---|---|
| 999 |
_c6446 _d6446 |
||
| 001 | 6446 | ||
| 003 | BD-JhCC | ||
| 005 | 20190403121509.0 | ||
| 008 | 180123s1964 bg ||||| |||| 00| 0 ben d | ||
| 035 | _a(BD-JhCC) | ||
| 040 |
_aBD-JhCC _dBD-JhCC |
||
| 041 | _aben | ||
| 082 |
_a297.124 _bTHA 1964 |
||
| 100 | _aথানভী, মোহাম্মদ আশরাফ আলী | ||
| 245 |
_aবঙ্গানুবাদ বেহেশতী জেওর / _cমোহাম্মদ আশরাফ আলী থানভী; মাওলানা শামছুল হক ছাহেব |
||
| 260 |
_aঢাকা : _bএমদাদিয়া লাইব্ররী, _c১৯৬৪ |
||
| 300 |
_a410 p. : _c22 cm. |
||
| 650 | _aIslam | ||
| 700 | _aছাহেব, শামছুল হক | ||
| 942 |
_2ddc _cBK |
||